Statistics for Kristendommens mest kjente retninger

Click here to take the quiz!

General Stats

  • This quiz has been taken 69 times
  • The average score is 8 of 14

Answer Stats

Answer% Correct
Katolisismen (Den katolske kirke)
89%
Protestantisme
89%
Lutheranere
78%
Ortodoks kristendom
78%
Pinsevenner
78%
Jehovas vitner
67%
Anglikanere (engelske statskirken)
56%
Mormonere (Jesu Kristi Kirke av Siste Dagers Hellige)
56%
Reformerte og presbyterianere (kalvinister)
44%
Adventister (primært Syvendedags Adventistkirken)
33%
Baptister
33%
Kvekere/Quakers
33%
Metodister
33%
Nykarismatikere (kalles også non-denominational)
11%

Score Distribution

Percentile by Number Answered

Percent of People with Each Score

Your Score History

You have not taken this quiz